000 00279nam a22001337a 4500
003 SGT
020 _a9781913936457
082 _a747
_bVER
100 _aVERMA DEEP SAGAR
245 _aTHE FASHION METAVERSE
260 _aUK
_bHP PUB
_c2025
300 _a174
942 _2ddc
_cBK
999 _c34727
_d34727